| 000 | 00782nam a2200265Ia 4500 | ||
|---|---|---|---|
| 005 | 20250117103615.0 | ||
| 008 | 008 250103s9999 xx 000 0 eng d | ||
| 020 | _a9781605358949 | ||
| 037 | _aTextual | ||
| 040 |
_aCSL _beng _cCSL |
||
| 041 |
_aeng _2eng |
||
| 084 |
_aK:56 Q9;7-;16 _qCSL |
||
| 100 | _aRubenstein, Dustin R | ||
| 245 | 0 |
_aAnimal behavior _cRubenstein, Dustin R; Alcock, John |
|
| 250 | _a11th international | ||
| 260 |
_aOxford _bSinauer Associates _c2019 |
||
| 300 | _axxi, 480p. ill. | ||
| 650 | _a Parental care | ||
| 650 |
_a Reproduction behavior _9734192 |
||
| 650 |
_a Territoriality and migration _9734193 |
||
| 650 | _aZoology | ||
| 700 | _a Alcock, John | ||
| 942 |
_cTEXL _hK:56 Q9;7-;16 |
||
| 999 |
_c1237860 _d1237860 |
||